[Event "Sao Paulo op-B U2050 8th"]
[Site "Sao Paulo"]
[Date "2019.10.20"]
[Round "5"]
[White "Nobre, Jailson Altair Barb"]
[Black "Takehara, Alan Keissuke"]
[Result "0-1"]
[WhiteElo "1645"]
[BlackElo "1751"]
[PlyCount "60"]
[EventDate "2019.10.17"]
[EventType "swiss"]
[EventRounds "6"]
[EventCountry "BRA"]
[SourceTitle "CBM 192 Extra"]
[Source "Chessbase"]
[SourceDate "2019.11.06"]
[SourceVersion "1"]
[SourceVersionDate "2019.11.06"]
[SourceQuality "1"]

1. e4 c6 2. d4 d5 3. exd5 cxd5 4. c4 Nf6 5. Nc3 e6 6. a3 Be7 7. Nf3 0-0 8. Bd3 dxc4 9. Bxc4 a6 10. 0-0 b5 11. Bb3 Bb7 12. Ne5 Nbd7 13. Bg5 Nb6 14. Bc2 Nbd5 15. Ne4 Nxe4 16. Bxe4 Bxg5 17. g3 Qe7 18. Nf3 Bf6 19. Bc2 Rac8 20. h4 Nb4 21. axb4 Bxf3 22. Qd3 g6 23. Qxf3 Rxc2 24. Rxa6 Bxd4 25. Qd3 Rc4 26. b3 Rxb4 27. Qf3 Qf6 28. Qd3 Rd8 29. Qb1 Qf3 30. Qa2 Qxg3+ 0-1

[Event "Florianopolis op 5th"]
[Site "Florianopolis"]
[Date "2019.01.25"]
[Round "7"]
[White "Nery Junior, Jose Antonio"]
[Black "Takehara, Alan Keissuke"]
[Result "1-0"]
[WhiteElo "2188"]
[BlackElo "1758"]
[PlyCount "71"]
[EventDate "2019.01.21"]
[EventType "swiss"]
[EventRounds "10"]
[EventCountry "BRA"]
[SourceTitle "EXT 2020"]
[Source "ChessBase"]
[SourceDate "2019.10.17"]
[SourceVersion "1"]
[SourceVersionDate "2019.10.17"]
[SourceQuality "1"]

1. e4 c6 2. d4 d5 3. e5 Bf5 4. h4 h5 5. Bg5 Qb6 6. Bd3 Qxd4 7. Nf3 Qg4 8. Bxf5 Qxf5 9. 0-0 e6 10. c4 Nd7 11. cxd5 cxd5 12. Qb3 b6 13. Nc3 f6 14. exf6 gxf6 15. Nd4 Qg4 16. Be3 Nc5 17. Qb5+ Kf7 18. b4 e5 19. Nf3 d4 20. bxc5 dxc3 21. cxb6 axb6 22. Qd5+ Qe6 23. Qxa8 Ne7 24. Qe4 Rg8 25. Qh7+ Rg7 26. Qxh5+ Kg8 27. Nh2 Nf5 28. Kh1 Qd5 29. Qf3 e4 30. Qh3 Rh7 31. g3 Ba3 32. Rad1 Qb5 33. Rd8+ Kf7 34. Qg4 Ke7 35. Rb8 Qd7 36. Qxe4+ 1-0

[Event "Hebraica op 26th"]
[Site "Hebraica"]
[Date "2019.01.12"]
[Round "4"]
[White "Takehara, Alan Keissuke"]
[Black "Albertini, Caetano"]
[Result "1/2-1/2"]
[WhiteElo "1758"]
[BlackElo "1549"]
[PlyCount "71"]
[EventDate "2019.01.11"]
[EventType "swiss"]
[EventRounds "6"]
[EventCountry "BRA"]
[SourceTitle "EXT 2020"]
[Source "ChessBase"]
[SourceDate "2019.10.17"]
[SourceVersion "1"]
[SourceVersionDate "2019.10.17"]
[SourceQuality "1"]

1. d4 Nf6 2. c4 g6 3. Nc3 Bg7 4. Bg5 d6 5. e3 h6 6. Bh4 Nbd7 7. Nf3 0-0 8. Be2 c6 9. Qc2 e5 10. 0-0 Qe8 11. dxe5 dxe5 12. b4 Nb6 13. Bxf6 Bxf6 14. Ne4 Bg7 15. Nd6 Qe7 16. c5 Nd5 17. Rab1 Be6 18. e4 Nf4 19. g3 Nxe2+ 20. Qxe2 Bg4 21. Qe3 Rab8 22. Nh4 b6 23. f3 Be6 24. Qa3 bxc5 25. bxc5 Qc7 26. Qa4 Bf6 27. Ng2 Be7 28. Rbd1 Rb2 29. Rf2 Rfb8 30. Rdd2 Rb1+ 31. Rf1 R8b4 32. Qa6 R1b2 33. Rff2 Rb1+ 34. Rf1 R1b2 35. Rff2 Rb1+ 36. Rf1 1/2-1/2

[Event "Hebraica op 26th"]
[Site "Hebraica"]
[Date "2019.01.11"]
[Round "2"]
[White "Takehara, Alan Keissuke"]
[Black "Parijos de Melo, Luiz Claudio"]
[Result "1-0"]
[WhiteElo "1758"]
[BlackElo "1800"]
[PlyCount "89"]
[EventDate "2019.01.11"]
[EventType "swiss"]
[EventRounds "6"]
[EventCountry "BRA"]
[SourceTitle "EXT 2020"]
[Source "ChessBase"]
[SourceDate "2019.10.17"]
[SourceVersion "1"]
[SourceVersionDate "2019.10.17"]
[SourceQuality "1"]

1. d4 Nf6 2. c4 g6 3. Nc3 d5 4. Bg5 c6 5. e3 Bg7 6. Nf3 Bf5 7. Bxf6 Bxf6 8. cxd5 cxd5 9. Qb3 0-0 10. Qxd5 Qb6 11. Qb5 Qd6 12. Be2 Nc6 13. 0-0 a6 14. Qb3 e5 15. dxe5 Bxe5 16. Nxe5 Nxe5 17. Rfd1 Qe7 18. Nd5 Qh4 19. Qc3 Nd7 20. Rd4 Qg5 21. h4 Qd8 22. e4 Be6 23. Nc7 Qxh4 24. Nxa8 Rxa8 25. Rad1 Qe7 26. Qc7 Rd8 27. Qxb7 Rb8 28. Qxa6 Rxb2 29. Bc4 Qf6 30. R4d2 Rb6 31. Qa7 Bxc4 32. Rxd7 Rb2 33. Rd8+ Kg7 34. a3 Re2 35. Qd4 Bb3 36. Rg8+ Kxg8 37. Qxf6 Bxd1 38. Qd8+ Kg7 39. Qxd1 Rxe4 40. a4 h5 41. a5 Re6 42. Qd3 Kf8 43. a6 Re1+ 44. Kh2 Ra1 45. Qd8+ 1-0

[Event "Sao Paulo op-B U2050 7th"]
[Site "Sao Paulo"]
[Date "2018.04.01"]
[Round "6"]
[White "Takehara, Alan Keissuke"]
[Black "Cardozo, Matheus Santos"]
[Result "0-1"]
[WhiteElo "1718"]
[BlackElo "1875"]
[PlyCount "136"]
[EventDate "2018.03.30"]
[EventType "swiss"]
[EventRounds "6"]
[EventCountry "BRA"]
[SourceTitle "EXT 2021"]
[Source "ChessBase"]
[SourceDate "2020.10.23"]
[SourceVersion "1"]
[SourceVersionDate "2020.10.23"]
[SourceQuality "1"]

1. d4 Nf6 2. c4 g6 3. Nc3 Bg7 4. Bg5 0-0 5. Nf3 d6 6. e3 c5 7. d5 h6 8. Bh4 Qa5 9. Qd2 Bg4 10. Ne4 Qxd2+ 11. Nexd2 g5 12. Bg3 Nh5 13. Be2 Nd7 14. Rb1 Rab8 15. 0-0 a6 16. Nd4 Bxe2 17. Nxe2 Nxg3 18. Nxg3 f5 19. f4 g4 20. e4 fxe4 21. Ndxe4 Nf6 22. f5 Nxe4 23. Nxe4 Rf7 24. b4 Bd4+ 25. Kh1 cxb4 26. Rxb4 b6 27. Rbb1 Rc8 28. Rbc1 Rcf8 29. Ng3 Be5 30. Rb1 Bd4 31. Rbe1 Be5 32. Rb1 Bd4 33. Rbe1 Rc8 34. Re4 Be5 35. Rxg4+ Rg7 36. Re4 Kf7 37. Ne2 b5 38. Rc1 Rg5 39. g4 h5 40. h3 hxg4 41. hxg4 Rh8+ 42. Kg1 Rh4 43. c5 Rhxg4+ 44. Rxg4 Rxg4+ 45. Kf2 dxc5 46. Rxc5 Ra4 47. Rc2 Kf6 48. Ng3 Bxg3+ 49. Kxg3 Kxf5 50. Re2 Kf6 51. Kf2 Ra3 52. Ke1 b4 53. Re6+ Kf7 54. Re2 a5 55. Rb2 Rd3 56. Rd2 Rxd2 57. Kxd2 Kf6 58. Kd3 Ke5 59. Kc4 Kd6 60. Kd4 a4 61. Kc4 b3 62. axb3 axb3 63. Kxb3 Kxd5 64. Kc3 Ke4 65. Kd2 Kf3 66. Kd3 e5 67. Kd2 e4 68. Ke1 Ke3 0-1

[Event "Sao Paulo Carnaval op"]
[Site "Sao Paulo"]
[Date "2018.02.11"]
[Round "3"]
[White "Takehara, Alan Keissuke"]
[Black "Desideri, Ricardo Maruchi"]
[Result "1/2-1/2"]
[WhiteElo "1675"]
[BlackElo "1954"]
[PlyCount "116"]
[EventDate "2018.02.10"]
[EventType "swiss"]
[EventRounds "7"]
[EventCountry "BRA"]
[SourceTitle "CBM 183 Extra"]
[Source "ChessBase"]
[SourceDate "2018.04.19"]
[SourceVersion "1"]
[SourceVersionDate "2018.04.19"]
[SourceQuality "1"]

1. d4 Nf6 2. c4 c5 3. d5 e6 4. Nc3 exd5 5. cxd5 d6 6. Nf3 g6 7. g3 Bg7 8. Bg2 a6 9. a4 0-0 10. 0-0 Re8 11. Bf4 Qc7 12. h3 Nbd7 13. a5 Rb8 14. Re1 b5 15. axb6 Rxb6 16. Qc2 Nh5 17. Bd2 Ne5 18. Nxe5 Bxe5 19. Na4 Rb8 20. Bc3 Qe7 21. Bxe5 Qxe5 22. Ra3 Bd7 23. Re3 Qd4 24. Rxe8+ Bxe8 25. Nc3 Nf6 26. e4 Bd7 27. Rd1 Qb4 28. Rd2 a5 29. Qd3 Qd4 30. Qe2 Qe5 31. f4 Qe7 32. Qe3 h5 33. Re2 Rb3 34. e5 Ne8 35. Qf2 f5 36. Qe1 Kf8 37. Qa1 a4 38. e6 Bb5 39. Nxb5 Rxb5 40. Qxa4 Rb4 41. Qa3 Nc7 42. Qc3 Kg8 43. Re1 Nb5 44. Qd2 Nd4 45. Ra1 Kg7 46. Ra2 Qb7 47. Qe3 Kf6 48. e7 Qxe7 49. Qxe7+ Kxe7 50. Ra7+ Kf6 51. Ra6 Nb5 52. Bf1 Ke7 53. Rb6 Nd4 54. Rxb4 cxb4 55. Kf2 Kd7 56. Ke3 Nb3 57. Bb5+ Ke7 58. Kd3 Na5 1/2-1/2

[Event "BRA-ch Amateur U2000"]
[Site "Sao Paulo"]
[Date "2017.10.15"]
[Round "7"]
[White "Takehara, Alan Keissuke"]
[Black "Da Silva, Joao Carlos Orguim"]
[Result "1-0"]
[WhiteElo "1581"]
[BlackElo "1802"]
[PlyCount "131"]
[EventDate "2017.10.12"]
[EventType "swiss"]
[EventRounds "7"]
[EventCountry "BRA"]
[SourceTitle "EXT 2022"]
[Source "ChessBase"]
[SourceDate "2021.10.06"]
[SourceVersion "1"]
[SourceVersionDate "2021.10.06"]
[SourceQuality "1"]

1. d4 d5 2. c4 e6 3. Nc3 a6 4. cxd5 exd5 5. Nf3 Nf6 6. Bg5 c6 7. e3 h6 8. Bh4 Nbd7 9. Bd3 g5 10. Bg3 Nh5 11. a3 Nxg3 12. hxg3 Bg7 13. b4 Qe7 14. 0-0 0-0 15. Qc2 Nf6 16. Rfb1 Re8 17. Nd2 Ng4 18. Nf1 Be6 19. a4 Rac8 20. a5 Rc7 21. Na4 Bc8 22. Ra2 Nf6 23. Nc5 Qd8 24. Nd2 g4 25. Ndb3 Ree7 26. Rd1 Qe8 27. Qe2 Nd7 28. Nxd7 Qxd7 29. Nc5 Qe8 30. Qc2 h5 31. Ra3 Bf6 32. Rb3 h4 33. gxh4 g3 34. fxg3 Rxe3 35. Qf2 Kg7 36. Bf1 Rce7 37. Rxe3 Rxe3 38. Rd3 Re1 39. Rf3 Qe7 40. Rxf6 Rxf1+ 41. Qxf1 Qxf6 42. Qxf6+ Kxf6 43. Kf2 Kg6 44. Kf3 Kh5 45. Kf4 f6 46. Nd3 Bd7 47. Nb2 Bg4 48. Nd3 Bd7 49. Nf2 Be6 50. g4+ Kh6 51. g5+ fxg5+ 52. hxg5+ Kg6 53. g4 Bc8 54. Nh1 Kf7 55. Ng3 Bd7 56. Nf5 Ke6 57. g6 Be8 58. Ng7+ Ke7 59. Nxe8 Kxe8 60. Kf5 Ke7 61. Ke5 Kf8 62. Kf6 Kg8 63. g7 c5 64. bxc5 b6 65. axb6 a5 66. b7 1-0

[Event "BRA-ch Amateur U2000"]
[Site "Sao Paulo"]
[Date "2017.10.12"]
[Round "1"]
[White "Takehara, Alan Keissuke"]
[Black "Farah, Daniel Landshoff"]
[Result "0-1"]
[WhiteElo "1581"]
[BlackElo "1888"]
[PlyCount "78"]
[EventDate "2017.10.12"]
[EventType "swiss"]
[EventRounds "7"]
[EventCountry "BRA"]
[SourceTitle "EXT 2019"]
[Source "ChessBase"]
[SourceDate "2018.10.10"]
[SourceVersion "1"]
[SourceVersionDate "2018.10.10"]
[SourceQuality "1"]

1. d4 d5 2. c4 c6 3. cxd5 cxd5 4. Nc3 Nf6 5. Bf4 Nc6 6. e3 e6 7. Nf3 Be7 8. Bd3 0-0 9. a3 Bd7 10. Ne5 Rc8 11. g4 Nxe5 12. dxe5 Ne8 13. Qc2 g6 14. Bh6 Ng7 15. 0-0 Bg5 16. Bxg7 Kxg7 17. f4 Bh4 18. Qb3 Qc7 19. Ne2 Qa5 20. Qb4 Qxb4 21. axb4 a6 22. Rfc1 Be7 23. b5 axb5 24. Rxc8 Rxc8 25. Ra7 Bc5 26. Rxb7 Bc6 27. Rxb5 Bxe3+ 28. Kf1 Bxb5 29. Bxb5 Rb8 30. Bd3 Rxb2 31. f5 gxf5 32. gxf5 Rd2 33. fxe6 fxe6 34. Bb5 h5 35. Be8 h4 36. Bh5 h3 37. Ng1 Rxh2 38. Nxh3 Rxh3 39. Bg4 Rh6 0-1

[Event "Sao Paulo op-B U2050 6th"]
[Site "Sao Paulo"]
[Date "2017.04.15"]
[Round "4"]
[White "Assis, Washington Luis Lin"]
[Black "Takehara, Alan Keissuke"]
[Result "0-1"]
[WhiteElo "1752"]
[BlackElo "1800"]
[PlyCount "144"]
[EventDate "2017.04.14"]
[EventType "swiss"]
[EventRounds "6"]
[EventCountry "BRA"]
[SourceTitle "EXT 2019"]
[Source "ChessBase"]
[SourceDate "2018.10.10"]
[SourceVersion "1"]
[SourceVersionDate "2018.10.10"]
[SourceQuality "1"]

1. e4 c6 2. d4 d5 3. Nd2 dxe4 4. Nxe4 Bf5 5. Ng3 Bg6 6. Nf3 Nd7 7. Bd3 Qc7 8. Bxg6 hxg6 9. Be3 Ngf6 10. c3 Ng4 11. Qd2 e6 12. Bf4 Bd6 13. Bxd6 Qxd6 14. 0-0-0 Qd5 15. b3 b5 16. h3 Ngf6 17. Rde1 0-0 18. Qg5 Qd6 19. Kb2 a5 20. Ne5 b4 21. c4 a4 22. Nxd7 Qxd7 23. Qc5 axb3 24. axb3 Qb7 25. Ra1 Nd7 26. Qe7 c5 27. f3 cxd4 28. Ne4 Rad8 29. Nd6 Qb8 30. Rhd1 Qb6 31. Nb5 Nc5 32. Qa7 Qxa7 33. Rxa7 e5 34. Re7 Rfe8 35. Rc7 Ne6 36. Rb7 Nf4 37. Rd2 Rb8 38. Rd7 Red8 39. Re7 f6 40. h4 Nd5 41. Ra7 Nc3 42. Ra5 Ra8 43. Rxa8 Rxa8 44. Kc2 Nxb5 45. cxb5 Rb8 46. Kd3 Rxb5 47. Kc4 Rb7 48. f4 Kf7 49. fxe5 fxe5 50. Kd5 Rb5+ 51. Kd6 g5 52. h5 g4 53. g3 Kf6 54. Kc6 Rb8 55. Kd5 Re8 56. Rf2+ Kg5 57. Rf7 Kxh5 58. Rxg7 Kh6 59. Rxg4 d3 60. Rh4+ Kg5 61. Rh1 e4 62. Kd4 Kg4 63. Ke3 Kxg3 64. Rg1+ Kh2 65. Rg7 Rc8 66. Kxe4 Rd8 67. Rh7+ Kg2 68. Ke3 d2 69. Rg7+ Kf1 70. Rh7 d1Q 71. Rh1+ Kg2 72. Rxd1 Rxd1 0-1